Normal view
MARC view
Entry Topical Term
001 - CONTROL NUMBER
- control field: 77445
003 - CONTROL NUMBER IDENTIFIER
- control field: dpl
005 - DATE AND TIME OF LATEST TRANSACTION
- control field: 20250207141637.0
008 - FIXED-LENGTH DATA ELEMENTS
- fixed length control field: 250207|| aca||aabn | a|a d
040 ## - CATALOGING SOURCE
- Original cataloging agency: dpl
- Transcribing agency: dpl
150 ## - HEADING--TOPICAL TERM
- General subdivision:
- Geographic subdivision:
670 ## - SOURCE DATA FOUND
- Source citation: Work cat.: (dpl)197639: अरुण प्रताप 77444, बौद्ध र्भिक्षुणी -संघ: थेरवादी, महासांघिक एवं धर्मगुप्तक विनय का तुलनात्मक अध्ययन /, 2015
